| LEADER 00000nam 2200000uu 4500 |
| 008 110808s2554||||th 000 0 tha d |
| 060 0 วจ WY 150 ก671น 2554.
|
| 100 0 ^aกิตติพร เนาว์สุวรรณ...[และคนอื่นๆ].
|
| 245 00 ^aนวัตกรรมหุ่นช่วยฝึกใส่สายให้อาหารทางสายยาง = Innovation of assisted model for practicing nasogastric intuation./^bกิตติพร เนาว์สุวรรณ...[และคนอื่นๆ].
|
| 260 ^aสงขลา :^bวิทยาลัยพยาบาลบรมราชชนนี สงขลา,^c2554.
|
| 300 ^aจำนวน 75 หน้า ;^bภาพประกอบ.
|
| 650 0 ^aหุ่นช่วยฝึก - - ^xพยาบาล.
|
| 650 0 ^aการพยาบาล - - ^xนวัตกรรม.
|
| 700 0 ^aปฐมามาศ โชติบัณ.
|
| 700 0 ^aจรูญรัตน์ รอดเทียม.
|
| 700 0 ^aธารินี นนทพุทธ.
|
| 710 1 ^aวิทยาลัยพยาบาลบรมราชชนนี สงขลา.
|
| 999 ^aใช้งานได้ทุกระบบ
|